000
00429nam a2200133Ia 4500
008
100328s9999 xx 000 0 und d
082
_b
5630
100
_a
देशपांडे ग.त्र्यं.
245
_a
अलंकार प्रदीप
260
_b
ठाकूर आणि कं.
630
_a
अलंकार प्रदीप
730
_a
अलंकार प्रदीप
942
_c
BOOK
999
_c
501617
_d
501614